Dynamics of multibody systems

Saved in:
Bibliographic Details
Main Author: Shabana, Ahmed A. 1951-
Format: Book
Language:English
Published: Cambridge : Cambridge University Press, c2005
Edition:3rd ed.
Subjects:
Tags: Add Tag
No Tags, Be the first to tag this record!

MARC

LEADER 00000nam a2200000 i 4500
001 1/77491
008 080314s2005 eng d
020 |a 978-0-521-85011-7 (hbk) 
020 |a 0-521-85011-8 
035 |l 10095461 
040 |a GR-MY-UA  |b gre  |e aacr 
041 0 |a eng 
082 0 |a 531.113  |2 (22) 
100 1 |a Shabana, Ahmed A.  |d 1951- 
245 1 0 |a Dynamics of multibody systems /  |c Ahmed A. Shabana 
250 |a 3rd ed. 
260 |a Cambridge :   |b Cambridge University Press,   |c c2005 
300 |a x, 374 σ.;  |b εικ.;  |c 26 εκ. 
504 |a Βιβλιογραφία: σ. 357-368. Ευρετήριο 
650 0 0 |a Dynamics. 
650 0 0 |a Kinematics. 
852 |a INST  |b SYROS  |e 20080314  |h 531.113 SHA  |p 005500006394  |q 005500006394  |t BK  |y 0 
901 |a BIBL5-2008-1 
909 |a Ε  |b 145515 
922 |a 5ΕΛΗ  |b 200801  |c ΕΠΕΑΕΚ2/ΤΜΣΠΣ  |d ΕΛΕΥΘΕΡΟΥΔΑΚΗΣ 
970 |a ΚΟΝΤΟΥ  |b ΠΑΡΑΣΚΕΥΗ  |z 2008/03/14